000 00456nam a2200181Ia 4500
001 7540
005 20260306160503.0
008 260306t2011||||xx |||||||||||||| ||spa||
041 _aESP
082 _a339.46
_bJ24
100 _aJaramillo, Miguel
_eAUT
245 0 _aMenos desiguales:
_bla distribución del ingreso luego de las reformas estructurales
260 _c2011
300 _a
_c
650 _aGEN
654 _aCAN
942 _cLIB
_dJUS
_fJUS
_2ddc
_n
999 _c7540
_d7540